Genghis Khan : (Record no. 2413)

MARC details
000 -LEADER
fixed length control field 01201cam a2200349 a 4500
001 - CONTROL NUMBER
control field 2413
003 - CONTROL NUMBER IDENTIFIER
control field FISKH
005 - DATE AND TIME OF LATEST TRANSACTION
control field 20260304135545.0
008 - FIXED-LENGTH DATA ELEMENTS--GENERAL INFORMATION
fixed length control field 070228s2008 nyuab b 001 0 eng
010 ## - LIBRARY OF CONGRESS CONTROL NUMBER
LC control number 2007008711
020 ## - INTERNATIONAL STANDARD BOOK NUMBER
International Standard Book Number 9780531125960 (lib. bdg.)
020 ## - INTERNATIONAL STANDARD BOOK NUMBER
International Standard Book Number 0531125963 (lib. bdg.)
020 ## - INTERNATIONAL STANDARD BOOK NUMBER
International Standard Book Number 9780531138953 (pbk.)
020 ## - INTERNATIONAL STANDARD BOOK NUMBER
International Standard Book Number 053113895X (pbk.)
040 ## - CATALOGING SOURCE
Original cataloging agency DLC
Transcribing agency DLC
Modifying agency DLC
Language of cataloging eng
050 00 - LIBRARY OF CONGRESS CALL NUMBER
Classification number DS22.G45
Item number G65 2008
082 00 - DEWEY DECIMAL CLASSIFICATION NUMBER
Classification number 950/.21092
-- B
Edition number 22
100 1# - MAIN ENTRY--PERSONAL NAME
Personal name Goldberg, Enid A.
245 10 - TITLE STATEMENT
Title Genghis Khan :
Remainder of title 13th-century Mongolian tyrant /
Statement of responsibility, etc. Enid A. Goldberg & Norman Itzkowitz.
260 ## - PUBLICATION, DISTRIBUTION, ETC.
Place of publication, distribution, etc. New York :
Name of publisher, distributor, etc. Scholastic,
Date of publication, distribution, etc. 2008.
300 ## - PHYSICAL DESCRIPTION
Extent 128 pages :
Other physical details illustrations, map ;
Dimensions 18 cm
490 0# - SERIES STATEMENT
Series statement A wicked history
505 ## - FORMATTED CONTENTS NOTE
Formatted contents note R<br/>
520 ## - SUMMARY, ETC.
Summary, etc. Traces the life of the chief of the small Mongol tribe who established a vast empire from Peking to the Black Sea in the thirteenth century.
521 8# - TARGET AUDIENCE NOTE
Target audience note 680<br/>
Source Lexile NC
521 8# - TARGET AUDIENCE NOTE
Target audience note R<br/>
Source Raz-Plus<br/>
600 00 - SUBJECT ADDED ENTRY--PERSONAL NAME
Personal name Genghis Khan,
Dates associated with a name 1162-1227.
650 #0 - SUBJECT ADDED ENTRY--TOPICAL TERM
Topical term or geographic name entry element Mongols
General subdivision Kings and rulers
Form subdivision Biography.
700 1# - ADDED ENTRY--PERSONAL NAME
Personal name Itzkowitz, Norman.
Relator term illustrator
906 ## - LOCAL DATA ELEMENT F, LDF (RLIN)
a 7
b cbc
c orignew
d 1
e ecip
f 20
g y-gencatlg
942 ## - ADDED ENTRY ELEMENTS (KOHA)
Source of classification or shelving scheme Dewey Decimal Classification
Koha item type Books
Suppress in OPAC No
Holdings
Withdrawn status Lost status Source of classification or shelving scheme Damaged status Not for loan Collection Home library Current library Shelving location Date acquired Total Checkouts Full call number Barcode Date last seen Price effective from Koha item type Date last checked out Copy number
    Dewey Decimal Classification     Non-Fiction Footprints International School Library Network Toul Kork Campus Footprints International School Library Network Toul Kork Campus   12/04/2023   GOL 950.21092 DS22.G45 FISSE00316 12/04/2023 12/04/2023 Books    
    Dewey Decimal Classification     Non-Fiction Footprints International School Library Network Toul Kork Campus Footprints International School Library Network Toul Kork Campus   12/12/2023 1 GOL 950.21092 DS22.G45 FISSE00317 01/12/2024 12/04/2023 Books 01/05/2024 2